Quick Pick: Sandra Bullock Movies Quiz Stats

Quiz Updated Jul 24, 2016

Challenge
Share
Tweet
Embed
Score 0/14 Timer 01:30
0 Plays Today
% Correct
Sleeping
98.2%
Congeniality
98.2%
Days
97.2%
Control
96.4%
Notice
96.4%
Close
96.2%
House
95.9%
% Correct
Side
95.3%
Sisterhood
94%
Floats
93.5%
Numbers
92.5%
Amazon
92.4%
Magic
90.9%
Man
88.9%

Today's Daily Dose

Missing Word
1998 A-Z Movies

Word Ladder
5 Vowel Sounds

Quick Pick
Legal Terms

On This Day
June 25th II

You're not logged in!

Compare scores with friends on all Sporcle quizzes.
Join for Free
OR
Log In

You Might Also Like...

Show Comments

Extras

Top Quizzes Today


Score Distribution

Your Account Isn't Verified!

In order to create a playlist on Sporcle, you need to verify the email address you used during registration. Go to your Sporcle Settings to finish the process.

Report this User

Report this user for behavior that violates our Community Guidelines.

Details: